[Event "9. Lichtenberger Sommer 2010"]
[Site "Berlin"]
[Date "2010.08.11"]
[Round "5.70"]
[White "Fleischmann, Torsten"]
[Black "Engelhardt, Erhard"]
[Result "1/2-1/2"]
[WhiteElo "1888"]
[BlackElo "1799"]
[PlyCount "27"]
[EventDate "2010.??.??"]
[WhiteTeam "Treptower SV 1949 e.V."]
[BlackTeam "SSV Rotation Berlin e.V."]

1. d4 b6 2. c4 Bb7 3. Nc3 e6 4. Nf3 Bb4 5. Bf4 Nf6 6. e3 Ne4 7. Rc1 O-O 8. Bd3
d6 9. O-O Bxc3 10. bxc3 Nd7 11. Qc2 f5 12. h4 h6 13. Bg3 Qe8 14. Nd2 1/2-1/2

[Event "9. Lichtenberger Sommer 2010"]
[Site "Berlin"]
[Date "2010.08.11"]
[Round "5.71"]
[White "Bullig, Reinhard"]
[Black "Schmalzried, Volker"]
[Result "1-0"]
[WhiteElo "1717"]
[BlackElo "1853"]
[PlyCount "173"]
[EventDate "2010.??.??"]
[WhiteTeam "Sfrd. Berlin 1903 e.V."]
[BlackTeam "Umweltbundesamt"]

1. d4 g6 2. c4 Bg7 3. Nc3 c5 4. e3 cxd4 5. exd4 Nf6 6. Nf3 O-O 7. Be2 d5 8. c5
Nc6 9. h3 Ne4 10. Be3 b6 11. cxb6 Qxb6 12. Rb1 Bf5 13. Nxe4 Bxe4 14. Rc1 Rac8
15. Qd2 Nb4 16. O-O Nxa2 17. Rc5 Rxc5 18. dxc5 Qxb2 19. Qxb2 Bxb2 20. Ba6 Nb4
21. Bb7 e5 22. Bc1 Bc3 23. Ba3 Nc2 24. Rc1 Nxa3 25. Rxc3 Nb5 26. Rb3 Nd4 27.
Nxd4 exd4 28. Ba6 Re8 29. c6 d3 30. c7 d2 31. Be2 Rc8 32. Rb8 Bf5 33. Bd1 Kf8
34. f3 Ke7 35. Kf2 Rxc7 36. Ke3 Bd7 37. Kxd2 h5 38. h4 Bc6 39. Rb3 Ba4 40. Re3+
Kd6 41. Bxa4 Rc4 42. Be8 Rxh4 43. Bxf7 Rh2 44. Re2 g5 45. Be6 a5 46. Kc3 Rh1
47. Bf7 h4 48. Rd2 Rc1+ 49. Kb3 Rc5 50. Rd4 Ke5 51. Rg4 Kf5 52. Be8 Rc1 53.
Bd7+ Kf6 54. Ra4 Rc5 55. Ra1 Rc7 56. Bg4 Rc5 57. Re1 Rc6 58. Ka4 Rc2 59. Bh3
Rc5 60. Re6+ Kf7 61. Ra6 d4 62. Rd6 Rc2 63. Rxd4 Ra2+ 64. Kb3 Ra1 65. Kb2 Rg1
66. Ra4 Kf6 67. Rxa5 g4 68. fxg4 Rd1 69. Rh5 Rd8 70. Rxh4 Kg6 71. Rh5 Rd6 72.
Rc5 Kg7 73. Kc3 Kg6 74. Kc4 Rd1 75. Rd5 Rc1+ 76. Kd4 Rd1+ 77. Ke4 Re1+ 78. Kf3
Rf1+ 79. Kg3 Ra1 80. Kh4 Ra4 81. Rd6+ Kg7 82. Kh5 Ra8 83. Rd7+ Kg8 84. g5 Ra5
85. Kg6 Ra6+ 86. Kh5 Ra5 87. Kh6 1-0

[Event "9. Lichtenberger Sommer 2010"]
[Site "Berlin"]
[Date "2010.08.11"]
[Round "5.72"]
[White "Albinus, Günter"]
[Black "Hesselbarth, Karlheinz"]
[Result "0-1"]
[WhiteElo "1847"]
[BlackElo "1848"]
[PlyCount "76"]
[EventDate "2010.??.??"]
[WhiteTeam "SG Weißensee 49 e.V."]
[BlackTeam "SC Zugzwang 95 e.V."]

1. e4 e5 2. Nf3 Nc6 3. Bb5 a6 4. Ba4 d6 5. d4 b5 6. Bb3 Nxd4 7. Nxd4 exd4 8.
Bd5 Rb8 9. Qxd4 Bd7 10. Qe3 Nf6 11. Bb3 Be7 12. O-O O-O 13. Re1 Re8 14. h3 c5
15. c4 Nxe4 16. cxb5 axb5 17. Qxe4 Bf6 18. Bxf7+ Kxf7 19. Qd5+ Be6 20. Qf3 Kg8
21. Nc3 d5 22. Rd1 Rf8 23. Qe3 Qb6 24. Qg3 Rbd8 25. Bf4 Rd7 26. Be5 b4 27. Na4
Qb5 28. b3 c4 29. Bxf6 Rxf6 30. Rd4 Rdf7 31. Qe3 Qc6 32. Rf1 Bf5 33. f3 Re6 34.
Qg5 Rff6 35. Qh4 Re2 36. Rf2 Re1+ 37. Kh2 Qd6+ 38. Qg3 Rh1+ 0-1

[Event "9. Lichtenberger Sommer 2010"]
[Site "Berlin"]
[Date "2010.08.11"]
[Round "5.73"]
[White "Kiesewetter, Peter"]
[Black "Prix, Siegfried"]
[Result "1-0"]
[WhiteElo "1887"]
[BlackElo "1781"]
[PlyCount "55"]
[EventDate "2010.??.??"]
[WhiteTeam "SC Schwarz-Weiß Lichtenrade e.V."]
[BlackTeam "Sfrd. Berlin 1903 e.V."]

1. Nf3 d5 2. d4 Nf6 3. Bf4 c5 4. c3 Nc6 5. Nbd2 e6 6. h3 Bd6 7. Bxd6 Qxd6 8. e3
O-O 9. Bd3 h6 10. O-O cxd4 11. cxd4 Nb4 12. Be2 b6 13. Ne5 Bb7 14. a3 Nc6 15.
Ndf3 Nd7 16. Nxd7 Qxd7 17. Rc1 Rac8 18. Bb5 Qd6 19. Qa4 a5 20. Rc3 Na7 21. Rfc1
Rxc3 22. Rxc3 Rc8 23. Rxc8+ Bxc8 24. Ne5 Qc7 25. Be8 f6 26. Bf7+ Qxf7 27. Nxf7
Kxf7 28. Qc2 1-0

[Event "9. Lichtenberger Sommer 2010"]
[Site "Berlin"]
[Date "2010.08.11"]
[Round "5.74"]
[White "Mühlhan, Klaus"]
[Black "Krawatzki, Armin"]
[Result "1-0"]
[WhiteElo "1932"]
[BlackElo "1825"]
[PlyCount "31"]
[EventDate "2010.??.??"]
[WhiteTeam "SC Empor Potsdam 1952 e.V."]
[BlackTeam "SVG Läufer Reinickendorf e.V."]

1. e4 d5 2. exd5 Qxd5 3. d4 e5 4. Nf3 Bg4 5. Be2 Nc6 6. c4 Qa5+ 7. Bd2 Bb4 8.
d5 Bxf3 9. Bxf3 Nd4 10. Nc3 Ne7 11. O-O O-O 12. Be4 f5 13. Bb1 Rad8 14. a3 c5
15. Ba2 Bxc3 16. bxc3 1-0

[Event "9. Lichtenberger Sommer 2010"]
[Site "Berlin"]
[Date "2010.08.11"]
[Round "5.75"]
[White "Boeck, Rüdiger"]
[Black "Kaufmann, Mathias"]
[Result "1-0"]
[WhiteElo "1779"]
[BlackElo "1569"]
[PlyCount "39"]
[EventDate "2010.??.??"]
[WhiteTeam "SC Weisse Dame Ulm e.V."]
[BlackTeam "vereinslos"]

1. e4 c5 2. Nf3 d6 3. d4 cxd4 4. Nxd4 Nc6 5. Nc3 Nxd4 6. Qxd4 Nf6 7. Bg5 Nd7 8.
Bb5 Qa5 9. b4 Qd8 10. O-O a6 11. Ba4 b5 12. Bb3 Bb7 13. a4 Ne5 14. axb5 axb5
15. Nxb5 Ba6 16. Qd5 h6 17. Nc7+ Qxc7 18. Qxa8+ Qd8 19. Ba4+ Nd7 20. Bxd7+ 1-0

[Event "9. Lichtenberger Sommer 2010"]
[Site "Berlin"]
[Date "2010.08.11"]
[Round "5.76"]
[White "Kohlmeyer, Dagobert"]
[Black "Junghänel, Dieter"]
[Result "1-0"]
[WhiteElo "1888"]
[BlackElo "1714"]
[PlyCount "23"]
[EventDate "2010.??.??"]
[WhiteTeam "SC Rochade e.V."]
[BlackTeam "SV Motor Wildau e.V."]

1. e4 e5 2. Nf3 Nf6 3. d4 exd4 4. e5 Nd5 5. Qxd4 Ne7 6. Bc4 h6 7. Qf4 f5 8.
exf6 gxf6 9. Qxf6 Rh7 10. Ne5 d5 11. Bd3 Rg7 12. Bxh6 1-0

[Event "9. Lichtenberger Sommer 2010"]
[Site "Berlin"]
[Date "2010.08.11"]
[Round "5.77"]
[White "Westphal, Julian"]
[Black "Koischwitz, Wanja"]
[Result "0-1"]
[WhiteElo "1698"]
[BlackElo "1773"]
[PlyCount "54"]
[EventDate "2010.??.??"]
[WhiteTeam "TSG Oberschöneweide e.V."]
[BlackTeam "Queer-Springer SSV Berlin"]

1. d4 d5 2. c4 Nc6 3. e3 Nf6 4. cxd5 Nxd5 5. Nf3 e6 6. a3 Be7 7. Bd3 Nb6 8. O-O
O-O 9. Qc2 g6 10. Nbd2 Bf6 11. b4 a6 12. Bb2 Bd7 13. Ne4 Bg7 14. Nc5 Qc8 15. h4
Ne7 16. h5 Bc6 17. hxg6 Nxg6 18. Bxg6 hxg6 19. Ng5 Re8 20. Kh2 e5 21. Nf3 Qg4
22. Nb3 Bxf3 23. gxf3 Qxf3 24. Qxc7 exd4 25. Nxd4 Bxd4 26. Bxd4 Re4 27. Qg3
Qh5+ 0-1

[Event "9. Lichtenberger Sommer 2010"]
[Site "Berlin"]
[Date "2010.08.11"]
[Round "5.78"]
[White "Schmitt, Jens-Ole"]
[Black "Schüler, Wolfgang"]
[Result "0-1"]
[WhiteElo "1339"]
[BlackElo "1982"]
[PlyCount "74"]
[EventDate "2010.??.??"]
[WhiteTeam "SG Narva Berlin e.V."]
[BlackTeam "SC Friesen Lichtenberg e.V."]

1. e4 e5 2. Nf3 Nc6 3. Bb5 a6 4. Ba4 Nf6 5. O-O Be7 6. Re1 b5 7. Bb3 O-O 8. a4
b4 9. d3 d6 10. h3 Na5 11. Ba2 c5 12. Nbd2 Nc6 13. Nf1 Be6 14. Bxe6 fxe6 15.
Ne3 Nd4 16. Nd2 Qd7 17. Nec4 Rab8 18. c3 Nc6 19. Nf3 Bd8 20. Bg5 Bc7 21. Bxf6
Rxf6 22. Qd2 Na5 23. Qd1 Nxc4 24. dxc4 Qf7 25. Ng5 Qg6 26. Nf3 bxc3 27. bxc3
Rb2 28. Rb1 Rxb1 29. Qxb1 Rxf3 30. Qb7 Ba5 31. Qc8+ Rf8 32. Qxa6 Bxc3 33. Rd1
Bd4 34. Qxd6 Rxf2 35. Qd8+ Rf8+ 36. Rxd4 exd4 37. Qd6 Qxe4 0-1

[Event "9. Lichtenberger Sommer 2010"]
[Site "Berlin"]
[Date "2010.08.11"]
[Round "5.79"]
[White "Schneider, Eckehard"]
[Black "Toumbeli, Zoi"]
[Result "0-1"]
[WhiteElo "1762"]
[BlackElo "1994"]
[PlyCount "112"]
[EventDate "2010.??.??"]
[WhiteTeam "Sfrd. Berlin 1903 e.V."]
[BlackTeam "Patras Chess Club"]

1. e4 d6 2. d4 Nf6 3. Nc3 g6 4. f4 Bg7 5. Nf3 O-O 6. Be3 c6 7. e5 Nd5 8. Nxd5
cxd5 9. Bd3 Nc6 10. Qd2 a6 11. h3 dxe5 12. fxe5 Qa5 13. c3 b5 14. O-O Qc7 15.
Ng5 Na5 16. b3 Nc6 17. Bf4 Qa7 18. Kh1 Nd8 19. Qf2 Ne6 20. Nxe6 Bxe6 21. a4
bxa4 22. Rxa4 Qb6 23. Qa2 a5 24. b4 Qc6 25. Bd2 axb4 26. Rxa8 Rxa8 27. Qb3 bxc3
28. Bxc3 Qa4 29. Qb4 Qd7 30. Rb1 Bxh3 31. Qb7 Qxb7 32. Rxb7 Be6 33. Rxe7 Bf8
34. Rc7 Ra3 35. Bb5 Rb3 36. Ba4 Rb1+ 37. Kh2 Rc1 38. Ba5 Rxc7 39. Bxc7 Bb4 40.
Kg1 Bc3 41. Bb6 Kg7 42. Kf2 h5 43. Bc6 g5 44. Ke3 Kg6 45. Bd8 Bb2 46. Bb6 h4
47. Kd2 g4 48. Bb5 h3 49. gxh3 gxh3 50. Be2 Kg5 51. Ke3 Bc1+ 52. Kf2 Kf4 53.
Kg1 Be3+ 54. Kh2 Ke4 55. Bf1 Bxd4 56. Ba5 Bxe5+ 0-1

[Event "9. Lichtenberger Sommer 2010"]
[Site "Berlin"]
[Date "2010.08.11"]
[Round "5.80"]
[White "Metin, Altug"]
[Black "Becker, Uwe"]
[Result "1/2-1/2"]
[WhiteElo "1748"]
[BlackElo "1801"]
[PlyCount "125"]
[EventDate "2010.??.??"]
[WhiteTeam "vereinslos"]
[BlackTeam "SV Glück auf Rüdersdorf e.V."]

1. e4 c5 2. b4 e6 3. bxc5 Bxc5 4. d4 Be7 5. Nf3 Nf6 6. Bd3 Nc6 7. c3 d6 8. O-O
Bd7 9. Re1 e5 10. d5 Nb8 11. a4 Bg4 12. h3 Bh5 13. Na3 O-O 14. Rb1 b6 15. Nc2
a5 16. Na3 Nbd7 17. Nc4 Rb8 18. Ba3 Nc5 19. Rb5 Qc7 20. Qc2 Bxf3 21. gxf3 Rfc8
22. Be2 Bd8 23. Reb1 Nh5 24. Nxb6 Nf4 25. Bf1 Qe7 26. Nxc8 Qg5+ 27. Kh2 Rxc8
28. Bc1 h5 29. Bxf4 Qxf4+ 30. Kg2 Qg5+ 31. Kh2 Qf4+ 32. Kg2 Qg5+ 33. Kh1 Qh4
34. Bg2 Kh7 35. Rb8 Rc7 36. Ra8 Rb7 37. Rxb7 Nxb7 38. Ra7 Nc5 39. Rxf7 Kg6 40.
Ra7 Bb6 41. Ra8 Nd7 42. Ra6 Bc5 43. Rxa5 Bxf2 44. Rb5 Nf6 45. Rb1 Qg3 46. Rf1
Bc5 47. f4 h4 48. fxe5 dxe5 49. a5 Nh5 50. c4 Qe3 51. Kh2 Ng3 52. Rd1 Ne2 53.
Qd2 Qg3+ 54. Kh1 Nf4 55. d6 Be3 56. Qc2 Bf2 57. Rg1 Bxg1 58. Kxg1 Nxh3+ 59. Kf1
Qf4+ 60. Ke1 Qe3+ 61. Qe2 Qc1+ 62. Qd1 Qe3+ 63. Qe2 1/2-1/2

[Event "9. Lichtenberger Sommer 2010"]
[Site "Berlin"]
[Date "2010.08.11"]
[Round "5.81"]
[White "Lieder, Günter"]
[Black "Tolle, Gerd"]
[Result "1/2-1/2"]
[WhiteElo "1868"]
[BlackElo "1500"]
[PlyCount "161"]
[EventDate "2010.??.??"]
[WhiteTeam "SK Turm Bad Hersfeld"]
[BlackTeam "SV Gundeldingen"]

1. e4 c5 2. Nc3 d6 3. f4 Nc6 4. Nf3 Nf6 5. Be2 g6 6. O-O Bg7 7. d3 e6 8. Bd2
O-O 9. Be1 Ne8 10. Bh4 Qc7 11. Rb1 a6 12. Qd2 b5 13. Nd1 Bd7 14. Ne3 f6 15. Bg3
Rd8 16. c3 a5 17. d4 cxd4 18. cxd4 Qb7 19. Rfd1 Ra8 20. a3 Nd8 21. d5 Rf7 22.
dxe6 Nxe6 23. f5 Nc5 24. fxg6 hxg6 25. Nd5 Nxe4 26. Qf4 Nxg3 27. Qxg3 g5 28.
Ne3 Rc8 29. Kh1 Bf8 30. Nd4 Rh7 31. Bf3 Qa7 32. Nef5 Rc5 33. Be4 a4 34. Qd3 Kh8
35. Nxd6 Rh4 36. N4f5 Rf4 37. Nf7+ Kg8 38. Qxd7 Qxd7 39. Rxd7 Rxe4 40. N7h6+
Bxh6 41. Nxh6+ Kh8 42. h3 Ng7 43. b3 axb3 44. Rxb3 Re2 45. Rf3 Rc1+ 46. Kh2
Rcc2 47. Rxf6 Rxg2+ 48. Kh1 Rh2+ 49. Kg1 Rxh3 50. Nf7+ Kg8 51. Rd8+ Ne8 52.
Rxe8+ Kg7 53. Rf1 Rxa3 54. Nd6 b4 55. Nb5 Raa2 56. Rb1 b3 57. Ree1 Rg2+ 58. Kh1
Rh2+ 59. Kg1 Rag2+ 60. Kf1 b2 61. Nc3 Rc2 62. Kg1 Rhg2+ 63. Kh1 Kg6 64. Nd1 Kh5
65. Ne3 Rh2+ 66. Kg1 Rcd2 67. Nc4 Rdg2+ 68. Kf1 g4 69. Nxb2 Rxb2 70. Rxb2 Rxb2
71. Kg1 Kh4 72. Re3 Rb5 73. Rd3 Rg5 74. Kg2 Rf5 75. Rd8 Kg5 76. Rd4 Re5 77. Rb4
Kf5 78. Rb8 Kf4 79. Rf8+ Rf5 80. Rg8 Rf6 81. Rg7 1/2-1/2

[Event "9. Lichtenberger Sommer 2010"]
[Site "Berlin"]
[Date "2010.08.11"]
[Round "5.82"]
[White "Mako, Attila"]
[Black "Fuchs, Jörg"]
[Result "0-1"]
[WhiteElo "1747"]
[BlackElo "1873"]
[PlyCount "132"]
[EventDate "2010.??.??"]
[WhiteTeam "BSC Rehberge 1945 e.V."]
[BlackTeam "SC Kreuzberg e.V."]

1. d4 f5 2. Bf4 Nf6 3. c4 e6 4. Nc3 Be7 5. e3 O-O 6. Bd3 d6 7. Nge2 Qe8 8. Ng3
Nc6 9. Be2 e5 10. dxe5 dxe5 11. Bg5 f4 12. exf4 exf4 13. Bxf4 Bb4 14. O-O Bxc3
15. bxc3 Qf7 16. Be3 Be6 17. c5 Bxa2 18. Bf3 Bc4 19. Re1 Rfd8 20. Qc2 a5 21.
Ne4 Nxe4 22. Bxe4 g6 23. Bg5 Bb3 24. Qe2 Re8 25. Qg4 a4 26. Re3 Ne5 27. Qe2 Bc4
28. Qd1 c6 29. Qc2 a3 30. f4 Ng4 31. Rf3 Qe6 32. Bd3 Bxd3 33. Qxd3 a2 34. h3
Nf6 35. f5 Qe2 36. Qxe2 Rxe2 37. Bxf6 Rb2 38. Rff1 Rf8 39. Bd4 gxf5 40. Kh2 f4
41. Rf2 Rxf2 42. Bxf2 Ra8 43. Bd4 Kf7 44. Be5 Ke6 45. Bxf4 Kd5 46. Be3 Kc4 47.
Bd4 Kb3 48. Kg1 Kb2 49. c4+ Kc2 50. g4 Kd3 51. Bb2 Kxc4 52. Rc1+ Kd3 53. Rc3+
Kd2 54. Ba1 Re8 55. Rf3 Kc2 56. h4 Re4 57. Rf2+ Kb1 58. Rf1+ Kc2 59. Kg2 Rxg4+
60. Kh3 Rb4 61. Kg3 Rb1 62. Kf2 Rxf1+ 63. Kxf1 Kb1 64. Be5 a1=Q 65. Bxa1 Kxa1
66. Ke2 Kb2 0-1

[Event "9. Lichtenberger Sommer 2010"]
[Site "Berlin"]
[Date "2010.08.11"]
[Round "5.83"]
[White "Kießling, Beate"]
[Black "Winz, Michael"]
[Result "1-0"]
[WhiteElo "1699"]
[BlackElo "1697"]
[PlyCount "151"]
[EventDate "2010.??.??"]
[WhiteTeam "Queer-Springer SSV Berlin"]
[BlackTeam "SC Friesen Lichtenberg e.V."]

1. c4 Nf6 2. g3 e5 3. Bg2 Nc6 4. Nc3 d6 5. Nf3 Be7 6. O-O O-O 7. b3 Bg4 8. Bb2
Qd7 9. Ng5 h6 10. Nge4 Bh3 11. Nxf6+ Bxf6 12. Nd5 Bd8 13. e3 Bxg2 14. Kxg2 Ne7
15. Nc3 Ng6 16. d4 exd4 17. exd4 Bf6 18. Nd5 Bd8 19. Re1 c6 20. Ne3 Bf6 21. Re2
Rfe8 22. Qd3 Re6 23. Rae1 Rae8 24. d5 Re4 25. Bxf6 gxf6 26. f3 R4e7 27. Qd4 Re5
28. Kf2 Qh3 29. Ng4 Rxe2+ 30. Rxe2 Rxe2+ 31. Kxe2 Qg2+ 32. Qf2 Qxf2+ 33. Kxf2
cxd5 34. Nxf6+ Kf8 35. Nxd5 Ne5 36. Ke3 Kg7 37. h3 Kg6 38. Ne7+ Kf6 39. Nc8 Nc6
40. Nxd6 b6 41. Kf4 a6 42. Ne8+ Kg6 43. h4 Nb4 44. Nc7 Nxa2 45. Nxa6 Nc3 46. g4
Ne2+ 47. Ke5 f6+ 48. Ke4 Ng3+ 49. Kd5 f5 50. c5 bxc5 51. Nxc5 fxg4 52. fxg4 Ne2
53. b4 Nc3+ 54. Ke5 Nb5 55. Ne4 Nc7 56. h5+ Kg7 57. Nd6 Na6 58. b5 Nc5 59. Kf5
Nd7 60. Nc4 Nc5 61. b6 Nb7 62. Ke6 Nc5+ 63. Ke7 Na6 64. b7 Nb8 65. Nd6 Nc6+ 66.
Ke6 Nb8 67. Nf5+ Kh7 68. Kf7 Nd7 69. Ne7 Nb8 70. Nd5 Nc6 71. Nf6+ Kh8 72. Kg6
Ne5+ 73. Kxh6 Nf7+ 74. Kg6 Ne5+ 75. Kf5 Nc6 76. g5 1-0

[Event "9. Lichtenberger Sommer 2010"]
[Site "Berlin"]
[Date "2010.08.11"]
[Round "5.84"]
[White "Rudolph, Stephanie"]
[Black "Werninghaus, Klaus Peter"]
[Result "1/2-1/2"]
[WhiteElo "1890"]
[BlackElo "1636"]
[PlyCount "66"]
[EventDate "2010.??.??"]
[WhiteTeam "SC Friesen Lichtenberg e.V."]
[BlackTeam "Dortmunder Schachverein 1875"]

1. d4 d5 2. c4 e6 3. cxd5 exd5 4. Nc3 c6 5. Nf3 Nf6 6. Bg5 h6 7. Bh4 Be7 8. Qc2
Nbd7 9. e3 a6 10. Bd3 O-O 11. h3 Re8 12. g4 Ne4 13. Bxe7 Qxe7 14. O-O-O Nxc3
15. Qxc3 Qf6 16. Be2 b5 17. g5 hxg5 18. Rdg1 c5 19. Rxg5 cxd4 20. Qxd4 Qxd4 21.
Nxd4 Nf6 22. Rh2 Be6 23. h4 Rac8+ 24. Kd1 Rc7 25. Rhg2 g6 26. Nxe6 Rxe6 27. Bd3
Kf8 28. h5 gxh5 29. Bf5 Re5 30. Bd3 Rxg5 31. Rxg5 Ke7 32. Ke2 Kd6 33. Rf5 Ke7
1/2-1/2

[Event "9. Lichtenberger Sommer 2010"]
[Site "Berlin"]
[Date "2010.08.11"]
[Round "5.85"]
[White "Enis, Arpaci"]
[Black "Alvarez, Luis"]
[Result "1-0"]
[WhiteElo "1400"]
[BlackElo "1879"]
[PlyCount "85"]
[EventDate "2010.??.??"]
[WhiteTeam "vereinslos"]
[BlackTeam "Schachclub Zug um Zug Everswinke"]

1. g3 d5 2. Bg2 c6 3. Nf3 Nf6 4. d3 Nbd7 5. Bf4 e6 6. Nbd2 Be7 7. c4 O-O 8.
cxd5 exd5 9. Rc1 Re8 10. O-O Nf8 11. Re1 Ng6 12. Be3 h6 13. Bd4 Bd7 14. Ne5
Nxe5 15. Bxe5 Bg4 16. f3 Be6 17. Kh1 Bd6 18. Bxd6 Qxd6 19. e4 dxe4 20. dxe4 Qb4
21. Qc2 Rad8 22. Nb3 Bxb3 23. Qxb3 Qxb3 24. axb3 Rd2 25. Ra1 a6 26. Ra2 Red8
27. Bf1 Rf2 28. Bg2 Rdd2 29. Rg1 Rxb2 30. Rxb2 Rxb2 31. Rd1 Rxb3 32. e5 Nd5 33.
f4 a5 34. f5 Ne3 35. Rd8+ Kh7 36. Be4 Rb4 37. Bd3 Ng4 38. f6+ g6 39. e6 Nf2+
40. Kg2 Rb2 41. Kf3 fxe6 42. Rd7+ Kg8 43. Bxg6 1-0

[Event "9. Lichtenberger Sommer 2010"]
[Site "Berlin"]
[Date "2010.08.11"]
[Round "5.86"]
[White "Ziems, Michael"]
[Black "Mitschke, Ullrich"]
[Result "1-0"]
[WhiteElo "1798"]
[BlackElo "1429"]
[PlyCount "71"]
[EventDate "2010.??.??"]
[WhiteTeam "SV Empor Berlin e.V."]
[BlackTeam "Queer-Springer SSV Berlin"]

1. d4 d5 2. c4 c6 3. Nc3 Nf6 4. e3 Bf5 5. Qb3 Qc7 6. cxd5 cxd5 7. Nxd5 Nxd5 8.
Qxd5 e6 9. Bb5+ Nc6 10. Qb3 Be7 11. Ne2 O-O 12. Bd2 a6 13. Bxc6 Qxc6 14. O-O
Be4 15. Rac1 Qd7 16. Nc3 Bc6 17. Qb6 Bd8 18. Qc5 Be7 19. Qh5 Rfe8 20. Rfd1 Bf8
21. Be1 b5 22. d5 exd5 23. Nxd5 Qb7 24. Bc3 Re6 25. Nf4 Rh6 26. Qg5 Re8 27. Rd2
b4 28. Bd4 Bb5 29. Rdc2 Qe4 30. f3 Qa8 31. Rc7 Rd6 32. Qf5 f6 33. Rc8 Rxc8 34.
Rxc8 Bd7 35. Qxd7 Rxd7 36. Rxa8 1-0

[Event "9. Lichtenberger Sommer 2010"]
[Site "Berlin"]
[Date "2010.08.11"]
[Round "5.87"]
[White "Brylski, Nils"]
[Black "Rüther, Marc"]
[Result "0-1"]
[WhiteElo "1396"]
[BlackElo "1749"]
[PlyCount "44"]
[EventDate "2010.??.??"]
[WhiteTeam "Peiner SV"]
[BlackTeam "Queer-Springer SSV Berlin"]

1. d4 Nf6 2. c4 c5 3. e3 e6 4. Nc3 Nc6 5. a3 d5 6. cxd5 exd5 7. Bb5 Bd7 8. Nf3
cxd4 9. Nxd4 Bd6 10. O-O O-O 11. b4 Qc7 12. Nf3 Nxb4 13. Bxd7 Qxc3 14. Bd2 Qc7
15. Bxb4 Qxd7 16. Rc1 Bxb4 17. axb4 Rfc8 18. Qb3 a5 19. bxa5 Rxa5 20. Ne5 Qe6
21. Qxb7 Rxc1 22. Rxc1 Qxe5 0-1

[Event "9. Lichtenberger Sommer 2010"]
[Site "Berlin"]
[Date "2010.08.11"]
[Round "5.88"]
[White "Kornijenko, Alexander"]
[Black "Nopp, Josef"]
[Result "1-0"]
[WhiteElo "1366"]
[BlackElo "1775"]
[PlyCount "79"]
[EventDate "2010.??.??"]
[WhiteTeam "vereinslos"]
[BlackTeam "SV Urfahr"]

1. e4 b6 2. d4 Bb7 3. Nc3 d6 4. Bc4 e6 5. f4 g6 6. Nf3 Bg7 7. Be3 Nf6 8. Bd3
O-O 9. h3 Nbd7 10. Qd2 c5 11. e5 dxe5 12. dxe5 Nd5 13. Be4 Nb8 14. O-O-O Na6
15. Nb5 Qe7 16. Nd6 Nxe3 17. Bxb7 Nxd1 18. Bxa8 Nxb2 19. Kxb2 Rxa8 20. Ng5 Rd8
21. Qe2 Nb4 22. Ngxf7 Rxd6 23. Nxd6 Qxd6 24. c3 Nd3+ 25. Kc2 Nxe5 26. fxe5 Qd5
27. Kb2 c4 28. Rd1 Qb5+ 29. Ka1 Bxe5 30. Rd8+ Kg7 31. Qf3 Bf6 32. Rd2 a5 33.
Rb2 Qc5 34. Rf2 Qe7 35. Kb2 b5 36. Qc6 b4 37. Qxc4 Bxc3+ 38. Kb3 Qd7 39. Qc5
Bd4 40. Qf8# 1-0

[Event "9. Lichtenberger Sommer 2010"]
[Site "Berlin"]
[Date "2010.08.11"]
[Round "5.89"]
[White "Radßat, Rene"]
[Black "Stiewe, Frank"]
[Result "1/2-1/2"]
[WhiteElo "1600"]
[BlackElo "1379"]
[PlyCount "172"]
[EventDate "2010.??.??"]
[WhiteTeam "SV Bad Schwartau von 1930"]
[BlackTeam "vereinslos"]

1. e4 e5 2. Nf3 Nc6 3. d4 exd4 4. Nxd4 Qf6 5. Nb5 Bc5 6. Qe2 Qd8 7. Be3 Bxe3 8.
Qxe3 a6 9. Nd4 Qf6 10. c3 Nge7 11. Bc4 O-O 12. O-O b5 13. Bb3 Bb7 14. Nd2 Rfe8
15. Rfe1 Ne5 16. f4 N5g6 17. g3 c5 18. N4f3 c4 19. Bc2 Nd5 20. Qd4 Qxd4+ 21.
Nxd4 Nc7 22. e5 Nf8 23. Ne4 Bxe4 24. Bxe4 Ra7 25. Nf5 g6 26. Nd6 Rb8 27. Re2
Ne8 28. Nxe8 Rxe8 29. a4 Rb8 30. Bd5 Rc7 31. axb5 axb5 32. Ra6 Ne6 33. Rd2 Nc5
34. Rf6 Ne6 35. g4 Rf8 36. f5 Nf4 37. fxg6 Nxg6 38. Re2 Kg7 39. g5 Rc5 40. Rd6
Rd8 41. Re4 Ne7 42. Bb7 Ng6 43. Bd5 Ne7 44. Bb7 Ng6 45. Rd5 Rxd5 46. Bxd5 Re8
47. Bb7 Nxe5 48. Kg2 f6 49. Ba6 Rb8 50. Rf4 Rb6 51. gxf6+ Kg6 52. Bc8 h6 53. f7
Nxf7 54. Bxd7 Ne5 55. Bf5+ Kg5 56. Kg3 h5 57. h4+ Kh6 58. Rd4 Rf6 59. Be4 Rb6
60. Rd5 Ng4 61. Bf3 Nf6 62. Rc5 Kg6 63. Rc6 Rxc6 64. Bxc6 Kf5 65. Bxb5 Ne4+ 66.
Kf3 Nd6 67. Ba4 Ke5 68. Bc2 Ne8 69. b3 cxb3 70. Bxb3 Nd6 71. Bc2 Nb5 72. Bg6
Nxc3 73. Bxh5 Kf6 74. Kg4 Kg7 75. Be8 Ne4 76. Bc6 Nf6+ 77. Kg5 Nh7+ 78. Kg4 Nf8
79. Kg3 Nh7 80. Kh3 Nf6 81. Kg3 Nh7 82. Kh3 Nf8 83. Kg3 Nh7 84. Kh3 Nf8 85. Kg3
Ng6 86. Kh3 Nf8 1/2-1/2

[Event "9. Lichtenberger Sommer 2010"]
[Site "Berlin"]
[Date "2010.08.11"]
[Round "5.90"]
[White "Ollek, Karl-Heinz"]
[Black "Paris, Gerhard"]
[Result "0-1"]
[WhiteElo "1838"]
[BlackElo "1654"]
[PlyCount "90"]
[EventDate "2010.??.??"]
[WhiteTeam "SC Friesen Lichtenberg e.V."]
[BlackTeam "TSG Oberschöneweide e.V."]

1. Nf3 d6 2. d4 Nf6 3. Nc3 g6 4. e4 Bg7 5. h3 O-O 6. Bc4 Nbd7 7. Be3 e5 8. O-O
Re8 9. Re1 Nb6 10. Bb3 Nh5 11. Bg5 Bf6 12. Bxf6 Qxf6 13. dxe5 dxe5 14. Qd2 Bxh3
15. Qh6 Be6 16. Ng5 Qg7 17. Qxg7+ Nxg7 18. Nd5 Bxd5 19. exd5 Re7 20. Ne4 Nf5
21. Rad1 Nd4 22. Rxd4 exd4 23. Nf6+ Kf8 24. Nxh7+ Ke8 25. Rd1 f5 26. Ng5 Rd8
27. Rxd4 c5 28. Rh4 c4 29. Bxc4 Nxc4 30. Rxc4 Rxd5 31. f4 Kd7 32. Ra4 a6 33. c3
Rd1+ 34. Kh2 Rd2 35. Nf3 Rxb2 36. Ne5+ Kc8 37. Rc4+ Rc7 38. Rxc7+ Kxc7 39. Nxg6
Rxa2 40. Ne7 Ra5 41. Kh3 Rc5 42. Kh4 Kd7 43. Ng6 a5 44. c4 a4 45. Kg5 a3 0-1

[Event "9. Lichtenberger Sommer 2010"]
[Site "Berlin"]
[Date "2010.08.11"]
[Round "5.91"]
[White "Kammler, Hans-Joachim"]
[Black "Yilmaz, Rahmi"]
[Result "0-1"]
[WhiteElo "1292"]
[BlackElo "1556"]
[PlyCount "72"]
[EventDate "2010.??.??"]
[WhiteTeam "SG Eckturm"]
[BlackTeam "BSC Rehberge 1945 e.V."]

1. e4 c5 2. c3 Nf6 3. e5 Nd5 4. d4 cxd4 5. cxd4 Nc6 6. Nc3 Nxc3 7. bxc3 d6 8.
d5 Nxe5 9. f4 Nd7 10. Nf3 g6 11. Rb1 Bg7 12. Bd2 O-O 13. Bd3 Nc5 14. Bc2 Bg4
15. O-O b6 16. h3 Bc8 17. c4 e6 18. Be1 exd5 19. Bh4 Qe8 20. Re1 Qc6 21. cxd5
Qb7 22. Re7 Bd7 23. Nd4 Rae8 24. Nc6 Rxe7 25. Nxe7+ Kh8 26. f5 Be8 27. f6 Bh6
28. Qf3 Qa6 29. a3 Qc4 30. Qf2 Qc3 31. Kh1 Qxa3 32. g4 Qe3 33. Qg2 Bd7 34. Re1
Qd2 35. g5 Qf4 36. Bg3 Qxg5 0-1

[Event "9. Lichtenberger Sommer 2010"]
[Site "Berlin"]
[Date "2010.08.11"]
[Round "5.92"]
[White "Kasper, Peter"]
[Black "Petersen, Moritz"]
[Result "1/2-1/2"]
[WhiteElo "1846"]
[BlackElo "1287"]
[PlyCount "52"]
[EventDate "2010.??.??"]
[WhiteTeam "SG Eckturm"]
[BlackTeam "KSC Strausberg Abt. Schach"]

1. e4 e6 2. d4 d5 3. exd5 exd5 4. Nf3 Nf6 5. Be2 Bd6 6. h3 h6 7. O-O O-O 8. c4
dxc4 9. Bxc4 Bf5 10. Nc3 Re8 11. Bd3 Bxd3 12. Qxd3 Nc6 13. a3 Ne7 14. Be3 Ned5
15. Nxd5 Nxd5 16. Bd2 c6 17. Rfe1 Qf6 18. Re4 Kf8 19. Rae1 Rad8 20. Ne5 Bxe5
21. dxe5 Qg6 22. Qe2 Nc7 23. f4 c5 24. Qf2 b6 25. f5 Qc6 26. e6 Kg8 1/2-1/2

[Event "9. Lichtenberger Sommer 2010"]
[Site "Berlin"]
[Date "2010.08.11"]
[Round "5.93"]
[White "Scheck, Gero"]
[Black "Mildenberger, Hans"]
[Result "1/2-1/2"]
[WhiteElo "1267"]
[BlackElo "1625"]
[PlyCount "53"]
[EventDate "2010.??.??"]
[WhiteTeam "TSG Oberschöneweide e.V."]
[BlackTeam "BVG Helmholz"]

1. Nc3 e6 2. e4 d5 3. exd5 exd5 4. d4 Nf6 5. Bg5 Bb4 6. Bd3 O-O 7. Nge2 Bg4 8.
O-O Bxc3 9. bxc3 c6 10. h3 Bh5 11. c4 dxc4 12. Bxc4 Nbd7 13. Rb1 Nb6 14. Bd3
Qd6 15. c4 Qd7 16. Qd2 Rfe8 17. Rfe1 Ne4 18. Qf4 Nxg5 19. Qxg5 Bxe2 20. Rxe2 h6
21. Rxe8+ Rxe8 22. Qd2 Kh8 23. Bf1 Rd8 24. Rd1 Na4 25. Qa5 c5 26. d5 b6 27. Qd2
1/2-1/2